03076 a2200469 45000010006000000050017000060080041000230030015000640400040000790800056001192450138001750200022003132640043003353000019003785051580003970410008019771000020019857000020020057000024020257000028020497000021020777000019020987000020021177000016021377000022021537000021021757000020021967000019022167000025022357000025022607000022022857000025023077000027023327000020023597000019023797000029023987000016024277000018024437000024024617000022024858560099025074604820260407155733.0260407a2010 arg spa dAR-UNSa-BCEJYS aAR-UNSa-BCEJYSbspacAR-UNSa-BCEJYS a331.105.44xOrganizaciones de empleados. Sindicatos10aEl movimiento obrero en disputapla organización colectiva de los trabajadores, su lucha y resistencia en la Argentina del siglo XX a978-987-1599-41-7 1aBuenos Aires :bEdiciones CICCUSc2010 a397 p.c23 cm. a1. Hegemonía empresarial y lógicas de formación corporativas: disputa para una resistencia obrera organizada / Claudia Figari - 2. Movimiento obrero y sindicalismo: contradicciones y fases de acumulación de poder durante los siglos XX y XXI / Juan Montés Cató - 3. Una reflexión sobre el rol de las comisiones internas en el sindicalismo argentino / Paula Lenguita y Paula Varela - 4. Políticas públicas y las relaciones entre capital y trabajo. Contrastes y continuidades en la posconvertibilidad a la luz de la historia argentina / Mariano Féliz y Pablo E. Pérez - 5. Reflexiones sobre conflicto social y procesos de organización de los trabajadores agrícolas en la Argentina / Matías Berger y Gabriel Bober - 6. La Juventud Obrera Católica y la dimensión religiosa del sindicalismo argentino / Aberlardo Jorge Soneira - 7. Las huellas del terrorismo de estado sobre el Movimiento obrero. Los casos de Ford y Acindar / Sebastián Guevara, Marcelo Hernández y Cynthia Rivero - 8. Reforma del Estado, privatizaciones y resistencia sindical en Argentina / Ana Drolas, Santiago Duhalde y Patricia Ventricci - 9. Organización y resistencia en las experiencias de la Unión de Desocupados de Mosconi y los trabajadores de Astilleros Río Santiago / Hernán M. Palermo, Juliana Frassa, Crstian Busto, Cecilia Rossi, y Diego Álvarez Newman - 10. Movimiento Obrero y Científicos Sociales. La construcción conjunta de conocimiento desde la experiencia del Taller de Estudios Laborales / Oscar Martínez, Julia Soul y Daniel Ximénez -  aspa1 aLenguita, Paula1 aFigari, Claudia1 aMontes Cató, Juan1 aÁlvarez Newman, Diego1 aBerger, Matías1 aBober, Gabriel1 aBusto, Cristian1 aDrolas, Ana1 aDuhalde, Santiago1 aFéliz, Mariano1 aFrassa, Juliana1 aGiniger, Nuria1 aGuevara, Sebastián1 aHernández, Marcelo1 aMartínez, Oscar1 aPalermo, Hernán M.1 aPérez, Pablo Ernesto1 aRivero, Cynthia1 aRossi, Cecilia1 aSoneira, Abelardo José1 aSoul, Julia1 aVarela, Paula1 aVentricci, Patricia1 aXiménez, Daniel41uhttps://www.biblioeco.unsa.edu.ar/pmb/images/libros/L127297.jpgyImagen de portadaqimage/jpeg